COMPILER DESIGN/ (Record no. 1734)

MARC details
000 -LEADER
Fixed length control field 00416nam a2200157 4500
003 - CONTROL NUMBER IDENTIFIER
Control field SEACOMEC
005 - DATE AND TIME OF LATEST TRANSACTION
Control field 20241003125630.0
008 - FIXED-LENGTH DATA ELEMENTS--GENERAL INFORMATION
Fixed length control field 241003b |||||||| |||| 00| 0 eng d
020 ## - INTERNATIONAL STANDARD BOOK NUMBER / ISBN
International Standard Book Number 9789391818760
Price 175.00
040 ## - CATALOGING SOURCE
Original cataloging agency SEACOMEC
082 ## - DEWEY DECIMAL CLASSIFICATION NUMBER
Classification number 005.463
Book Number G495
100 ## - MAIN ENTRY--PERSONAL NAME
Personal name CHATTOPADHYAY, SANTANU
245 ## - TITLE STATEMENT
Title COMPILER DESIGN/
Statement of responsibility SANTANU CHATTOPADHYAY
260 ## - IMPRINT
Place of publication New Delhi
Name of publisher Prentice Hall
Date of publication 2006
942 ## - ADDED ENTRY ELEMENTS (KOHA)
Koha item type Books
Holdings
Withdrawn status Lost status Source of classification Damaged status Not for loan Home library Current library Date acquired Total Checkouts Call number Accession number Date last seen Price effective from Koha item type Copy number
    Dewey Decimal Classification     SEACOM ENGINEERING COLLEGE SEACOM ENGINEERING COLLEGE 19/06/2007   005.463 G495 7224 03/10/2024 03/10/2024 Books  
    Dewey Decimal Classification     SEACOM ENGINEERING COLLEGE SEACOM ENGINEERING COLLEGE 19/06/2007   005.463 G495 7225 03/10/2024 03/10/2024 Books 1
    Dewey Decimal Classification     SEACOM ENGINEERING COLLEGE SEACOM ENGINEERING COLLEGE 19/06/2007   005.463 G495 7226 03/10/2024 03/10/2024 Books 2
    Dewey Decimal Classification     SEACOM ENGINEERING COLLEGE SEACOM ENGINEERING COLLEGE 19/06/2007   005.463 G495 7227 03/10/2024 03/10/2024 Books 3
    Dewey Decimal Classification     SEACOM ENGINEERING COLLEGE SEACOM ENGINEERING COLLEGE 19/06/2007   005.463 G495 7228 03/10/2024 03/10/2024 Books 4
    Dewey Decimal Classification     SEACOM ENGINEERING COLLEGE SEACOM ENGINEERING COLLEGE 10/11/2010   005.463 G495 17704 03/10/2024 03/10/2024 Books 5
    Dewey Decimal Classification     SEACOM ENGINEERING COLLEGE SEACOM ENGINEERING COLLEGE 10/11/2010   005.463 G495 17705 03/10/2024 03/10/2024 Books 6
    Dewey Decimal Classification     SEACOM ENGINEERING COLLEGE SEACOM ENGINEERING COLLEGE 10/11/2010   005.463 G495 17706 03/10/2024 03/10/2024 Books 7
    Dewey Decimal Classification     SEACOM ENGINEERING COLLEGE SEACOM ENGINEERING COLLEGE 10/11/2010   005.463 G495 17707 03/10/2024 03/10/2024 Books 8
    Dewey Decimal Classification     SEACOM ENGINEERING COLLEGE SEACOM ENGINEERING COLLEGE 10/11/2010   005.463 G495 17708 03/10/2024 03/10/2024 Books 9
© Seacom Engineering College, All rights reserved.      Powered by Koha